00317nam a22001097a 4500003000400000020001900004082001400023100005200037245004900089260006100138300000800199SGT a97881864001184 a200bS10G aगोयनका, कमल किशोर  aसचल तीर्थ वागर्थ bनिर्मल पब्लिकेशंस c2010 a938